|
|
|
|
| LEADER |
01513nam a2200373 a 4500 |
| 001 |
EBC935415 |
| 003 |
MiAaPQ |
| 005 |
20200520144314.0 |
| 006 |
m o d | |
| 007 |
cr cn||||||||| |
| 008 |
120921s2003 gw sb 000 0 ger d |
| 020 |
|
|
|z 3899490711
|
| 020 |
|
|
|z 9783899490718
|
| 020 |
|
|
|z 9783110904840 (e-book)
|
| 035 |
|
|
|a (MiAaPQ)EBC935415
|
| 035 |
|
|
|a (Au-PeEL)EBL935415
|
| 035 |
|
|
|a (CaPaEBR)ebr10597539
|
| 035 |
|
|
|a (OCoLC)850183373
|
| 040 |
|
|
|a MiAaPQ
|c MiAaPQ
|d MiAaPQ
|
| 043 |
|
|
|a n-us---
|
| 050 |
|
4 |
|a KF8858
|b .S38 2003
|
| 100 |
1 |
|
|a Schutze, Rolf A.
|
| 245 |
1 |
4 |
|a Die Allzustandigkeit amerikanischer Gerichte
|h [electronic resource] :
|b uberarbeitete Fassung eines Vortrages gehalten vor der Juristischen Gesellschaft zu Berlin am 22. Januar 2003 /
|c von Rolf A. Schutze.
|
| 260 |
|
|
|a Berlin :
|b De Gruyter Recht,
|c 2003.
|
| 300 |
|
|
|a 22 p.
|
| 490 |
1 |
|
|a Schriftenreihe der Juristischen Gesellschaft zu Berlin ;
|v Heft 173
|
| 504 |
|
|
|a Includes bibliographical references.
|
| 533 |
|
|
|a Electronic reproduction. Ann Arbor, MI : ProQuest, 2015. Available via World Wide Web. Access may be limited to ProQuest affiliated libraries.
|
| 650 |
|
0 |
|a Jurisdiction
|z United States.
|
| 650 |
|
0 |
|a Jurisdiction (International law)
|
| 655 |
|
4 |
|a Electronic books.
|
| 710 |
2 |
|
|a ProQuest (Firm)
|
| 830 |
|
0 |
|a Schriftenreihe der Juristischen Gesellschaft e.V. Berlin ;
|v Heft 173.
|
| 856 |
4 |
0 |
|u https://ebookcentral.proquest.com/lib/matrademy/detail.action?docID=935415
|z Click to View
|